| 000 | 00773nam a2200253Ia 4500 | ||
|---|---|---|---|
| 003 | OSt | ||
| 005 | 20220928114531.0 | ||
| 006 | a|||||r|||| 00| 0 | ||
| 007 | ta | ||
| 008 | 220927b |||||||| |||| 00| 0 eng d | ||
| 020 | _c3959.4499999999998 | ||
| 024 | _a68942 | ||
| 037 |
_b167, 16/11/2010, Pioneer Book Distributors _cTextual |
||
| 040 |
_aSDCL _cSDCL _beng |
||
| 041 |
_2eng _aeng |
||
| 082 | _aR66,6, Q0 | ||
| 100 |
_aTheodor Ithamar _9439486 |
||
| 245 | 0 |
_aExploring the Bhagavad Gita _b Philosophy, structure and meaning. |
|
| 260 |
_aSurrey _bAshgate _c2010 |
||
| 300 |
_ax,160p. _ccm. |
||
| 650 | _aPhilosophy | ||
| 942 |
_hR66,6, Q0 _cTEXL _2CC |
||
| 999 |
_c755175 _d755175 |
||